| 000 | 00569nam a2200229 a 4500 | ||
|---|---|---|---|
| 003 | AR-BaBNM | ||
| 005 | 20251128205316.0 | ||
| 008 | 082120s2002 ||||||||||||||000 | spa|| | ||
| 020 | _a950-843-221-7 | ||
| 040 | _cAR-BaBNM | ||
| 100 | 1 | _aAguirre Scorzato, Mónica Cristina | |
| 245 | 0 | 0 | _aHistoria de mujer |
| 260 |
_aBuenos Aires _bVoces populares _c1997 |
||
| 300 | _a40 p. | ||
| 650 | 4 | _aLITERATURA ARGENTINA | |
| 650 | 4 | _aLITERATURA CONTEMPORANEA | |
| 650 | 4 | _aPOESIA | |
| 650 | 4 | _aESCRITORES | |
| 655 | _aLITERATURA | ||
| 942 | _cBK | ||
| 998 | _cMARTIN | ||
| 999 |
_c10860 _d10860 |
||